লোডিং...

Himabhoomi

গ্রন্থ-পঞ্জীর বিবরন
প্রধান লেখক: Kavabatthasunari
বিন্যাস: Printed Book
ভাষা:Malayalam
প্রকাশিত: Sikha Publications, Guruvayoor Sikha Publications, Guruvayoor 1986
LEADER 00490nam a2200121Ia 4500
008 111205s9999 xx 000 0 mal d
100 |a Kavabatthasunari 
245 |a Himabhoomi  |c Kavabatthasunari 
260 |b Sikha Publications, Guruvayoor  |a Sikha Publications, Guruvayoor  |c 1986 
300 |a 143 
942 |c BK 
999 |c 222049  |d 222049 
952 |0 0  |1 0  |2 ddc  |4 0  |6 895_000000000000000_63Y1_HIM  |7 0  |9 245197  |a MAL  |b MAL  |c ST1  |d 2011-12-05  |g 25.00  |l 1  |o 895.63Y1 HIM  |p MAL19831  |r 2018-03-22  |s 2018-02-23  |v 25.00  |w 2011-12-05  |y BK